| 000 | 00815nam a2200229 a 4500 | ||
|---|---|---|---|
| 999 |
_c572 _d572 |
||
| 001 | 572 | ||
| 003 | BD-JhCC | ||
| 005 | 20171007172455.0 | ||
| 008 | 171007s2005 bg a|||| |||| 000 0 mul d | ||
| 035 | _a(BD-JhCC) 572 | ||
| 040 |
_aBD-JhCC _dBD-JhCC |
||
| 041 | _aBengali and English | ||
| 082 |
_222 _a371.102 _bEDU 2005 |
||
| 245 |
_aশিক্ষা পরিকল্পনা : _bইউনেস্কো-আইয়াইইপি মডেল / _cনজরুল ইসলাম মজুমদার. |
||
| 260 |
_aঢাকা : _bপ্যাপিরাস, _c২০০৫. |
||
| 300 |
_a১৭৬ পৃ. : _bill _c২২ সেমি. |
||
| 650 | _aEducational planning | ||
| 650 | _aTeaching | ||
| 700 | _aমজুমদার, নজরুল ইসলাম. | ||
| 942 |
_2ddc _cBK |
||